000
00326 a2200157 4500
001
47564
020
_a
9788578481230
040
_c
Anchieta - Aquarius
100
_a
HOFMEYR, Dianne
240
1
0
_a
Bojabi
_l
por
245
1
0
_a
Bojabi
300
_a
29p.
362
0
_a
2012
650
4
_a
Literatura infanto-juvenil
942
_c
BK
999
_c
47564
_d
47564